Southville International School and Colleges
Your cart is empty.
  • Cart
  • Lists
    Public lists Eva Luna New books Lux_list list_1
    Your lists Log in to create your own lists
  • Log in to your account
  • Your cookies
  • Search history
Southville International School and Colleges
  • Advanced search
  • Recent comments
  • Most popular
  • Libraries

Log in to your account

Log in with GOOGLE


If you do not have an external account, but do have a local account, you can still log in:

  1. Home
  2. MARC view: Cracking the sales management code :
Normal view MARC view ISBD view

Cracking the sales management code : (Record no. 15715)

[ view plain ]
MARC details
000 -LEADER
fixed length control field 01050nam a2200325 a 4500
003 - CONTROL NUMBER IDENTIFIER
control field SISC
005 - DATE AND TIME OF LATEST TRANSACTION
control field 20170308101555.0
006 - FIXED-LENGTH DATA ELEMENTS--ADDITIONAL MATERIAL CHARACTERISTICS--GENERAL INFORMATION
fixed length control field m d
007 - PHYSICAL DESCRIPTION FIXED FIELD--GENERAL INFORMATION
fixed length control field cr cnu
008 - FIXED-LENGTH DATA ELEMENTS--GENERAL INFORMATION
fixed length control field 120121s2012 nyua s 001 0 eng d
020 ## - INTERNATIONAL STANDARD BOOK NUMBER
International Standard Book Number 0071769617
020 ## - INTERNATIONAL STANDARD BOOK NUMBER
International Standard Book Number 9780071769617
020 ## - INTERNATIONAL STANDARD BOOK NUMBER
International Standard Book Number 9780071765732 (alk. paper)
040 ## - CATALOGING SOURCE
Original cataloging agency CtWfDGI
Language of cataloging eng
Transcribing agency CtWfDGI
050 14 - LIBRARY OF CONGRESS CALL NUMBER
Classification number HF 5438.4
Item number .J67 2012
100 1# - MAIN ENTRY--PERSONAL NAME
Personal name Jordan, Jason,
Dates associated with a name 1970-
245 10 - TITLE STATEMENT
Title Cracking the sales management code :
Medium [electronic resource] :
Remainder of title the secrets to measuring and managing sales performance /
Statement of responsibility, etc Jason Jordan, with Michelle Vazzana.
260 ## - PUBLICATION, DISTRIBUTION, ETC. (IMPRINT)
Place of publication, distribution, etc New York :
Name of publisher, distributor, etc McGraw-Hill,
Date of publication, distribution, etc 2012.
300 ## - PHYSICAL DESCRIPTION
Extent 253 pages :
Other physical details illustrations ;
Dimensions 24 cm.
500 ## - GENERAL NOTE
General note Includes appendix and index.
526 ## - STUDY PROGRAM INFORMATION NOTE
Reading level 1210L-1700L
562 ## - COPY AND VERSION IDENTIFICATION NOTE
Number of copies for circulation. 1 copy available in the collection
590 ## - LOCAL NOTE (RLIN)
Local note Record supplied by vendor.
650 #0 - SUBJECT ADDED ENTRY--TOPICAL TERM
Topical term or geographic name as entry element Sales management.
700 1# - ADDED ENTRY--PERSONAL NAME
Personal name Vazzana, Michelle.
710 2# - ADDED ENTRY--CORPORATE NAME
Corporate name or jurisdiction name as entry element Books24x7, Inc.
942 ## - ADDED ENTRY ELEMENTS (KOHA)
Source of classification or shelving scheme Library of Congress Classification
Koha item type Books
Call number prefix Foreign
948 ## - LOCAL PROCESSING INFORMATION (OCLC); SERIES PART DESIGNATOR (RLIN)
Series part designator, SPT (RLIN) .b11782407
Holdings
Withdrawn status Lost status Source of classification or shelving scheme Damaged status Home library Current library Shelving location Date acquired Total Checkouts Full call number Barcode Date last seen Copy number Price effective from Koha item type
    Library of Congress Classification   College Library College Library Reserve Section 01/20/2014   HF5438.4 .J67 2012 C15211 05/15/2018 1 01/20/2014 Books

Cracking the sales management code :

APA

Jordan J., Vazzana M. & Books24x7 I. (2012). Cracking the sales management code. New York: McGraw-Hill.

Chicago

Jordan Jason, Vazzana Michelle and Books24x7 Inc. 2012. Cracking the sales management code. New York: McGraw-Hill.

Harvard

Jordan J., Vazzana M. and Books24x7 I. (2012). Cracking the sales management code. New York: McGraw-Hill.

MLA

Jordan Jason, Vazzana Michelle and Books24x7 Inc. Cracking the sales management code. New York: McGraw-Hill. 2012.

  • Place hold
  • Print
  • Cite
  • Add to your cart (remove)
  • Save record
    BIBTEX Dublin Core MARCXML MARC (non-Unicode/MARC-8) MARC (Unicode/UTF-8) MARC (Unicode/UTF-8, Standard) MODS (XML) RIS
  • More searches
    Search for this title in:
    Other Libraries (WorldCat) Other Databases (Google Scholar) Online Stores (Bookfinder.com) Open Library (openlibrary.org)

Exporting to Dublin Core...

SOUTHVILLE LIBRARY

Southville International School and Colleges Library

1281 Tropical Ave. Cor. Luxembourg St., BF Homes International, Las Pinas City

Tel. No. 8256374 / 252358 Loc. 117/146

Powered by Koha